000 00557nam a2200193Ia 4500
005 20250508165550.0
008 008 250505s9999 xx 000 0 eng d
037 _aTextBook
040 _aFEDL
_beng
_cFEDL
041 _aeng
_2eng
084 _a371.39, KAN/R
_qFEDL
100 _aKanvaria Vinod Kumar
245 0 _aComprehension on educational technology and ICT for education
260 _aDelhi, India
_bUniversity of Delhi
300 _axii, 241p.
365 _aINR
_b660
942 _cTB
_h371.39, KAN/R
999 _c1395902
_d1395902